| 000 | 00408nam a2200121Ia 4500 | ||
|---|---|---|---|
| 008 | 160712s9999 xx 000 0 und d | ||
| 100 | _aHaskell, Dennis. | ||
| 245 |
_cDennis Haskell _a64a Princedale Rd |
||
| 260 |
_c2013 _bJournal of English Studies and Comparative Literature |
||
| 300 | _avol. 13 no. 1 | ||
| 650 | _xLITERATURE | ||
| 856 | _uhttp://journals.upd.edu.ph/index.php/jescl/issue/view/410/showToc | ||
| 999 |
_c297313 _d297313 |
||